| 000 | 00830cam a22002773a 4500 | ||
|---|---|---|---|
| 001 | 11131 | ||
| 003 | PGUSA | ||
| 005 | 20140828083233.0 | ||
| 008 | 040201s2004||||xxu|||||s|||||000 1 eng d | ||
| 040 |
_aPGUSA _beng |
||
| 042 | _adc | ||
| 050 | 4 | _aPQ | |
| 100 | 1 |
_aMaupassant, Guy de, _d1850-1893 |
|
| 245 | 1 | 0 |
_aPierre et Jean _h[electronic resource] / _cGuy de Maupassant |
| 260 |
_bProject Gutenberg, _c2004 |
||
| 506 | _aPublic domain in the USA. | ||
| 516 | _aElectronic text | ||
| 653 | _aSibling rivalry -- Fiction | ||
| 653 | _aFrance -- Social life and customs -- Fiction | ||
| 653 | _aNormandy (France) -- Fiction | ||
| 653 | _aBrothers -- Fiction | ||
| 653 | _aInheritance and succession -- Fiction | ||
| 830 | 0 |
_aProject Gutenberg _v11131 |
|
| 856 | 4 | 0 | _uhttp://www.gutenberg.org/ebooks/11131 |
| 942 | _cEB | ||
| 999 |
_c240386 _d240386 |
||